La defensa penal/ (Registro nro. 8079)
[ vista simple ]
| 000 -LEADER | |
|---|---|
| fixed length control field | 01231nam a2200205Ia 4500 |
| 005 - FECHA Y HORA DE LA ÚLTIMA TRANSACCIÓN | |
| control field | 20230508142328.0 |
| 008 - FIXED-LENGTH DATA ELEMENTS--GENERAL INFORMATION | |
| fixed length control field | 230506s9999 xx 000 0 und d |
| 020 ## - INTERNATIONAL STANDARD BOOK NUMBER | |
| International Standard Book Number | 9509163967 |
| 040 ## - CATALOGING SOURCE | |
| Original cataloging agency | UPAN |
| Transcribing agency | Biblioteca San Vicente |
| Description conventions | RCAA2 |
| 041 ## - LANGUAGE CODE | |
| Language code of text/sound track or separate title | spa |
| 082 ## - DEWEY DECIMAL CLASSIFICATION NUMBER | |
| Classification number | 345 |
| Item number | V335c |
| 100 ## - MAIN ENTRY--PERSONAL NAME | |
| Personal name | Vasquez Rossi, Jorge Eduardo |
| Relator code | aut. |
| 245 #0 - TITLE STATEMENT | |
| Title | La defensa penal/ |
| Remainder of title | Jorge Eduardo Vazquez Rossi |
| 250 ## - EDITION STATEMENT | |
| Edition statement | 3° ed. |
| 260 ## - PUBLICATION, DISTRIBUTION, ETC. (IMPRINT) | |
| Place of publication, distribution, etc | Buenos Aires: |
| Name of publisher, distributor, etc | Rubinzal-Culzoni, |
| Date of publication, distribution, etc | 1996 |
| 300 ## - PHYSICAL DESCRIPTION | |
| Extent | 309 p.: |
| Dimensions | 23 cm. |
| 505 ## - FORMATTED CONTENTS NOTE | |
| Formatted contents note | Capitulo I. Civilizaciòn y barbarie<br/>Capitulo II. Los fundamentos del Derecho de defensa<br/>Capitulo III. El Derecho de defensa como elemento esencial del debido proceso<br/>Capitulo IV. El defensor y la Constituciòn <br/>Capitulo V. El concepto jurìdico de defensa<br/>Capitulo VI. El imputado, la defensa y el defensor<br/>Capitulo VII. Defensa y excepciòn <br/>Capitulo VIII. Las funciones del defensor<br/>Capitulo IX. El principio IN DUBIO PRO REO en Relaciòn a la defensa<br/>Capitulo X. La tècnica de la defensa penal<br/>Capitulo XI. El defensor ante la cuestiòn civil en el proceso penal<br/>Capitulo XII. El defensor dentro del Còdigo Procesal Penal de la Naciòn |
| 650 ## - SUBJECT ADDED ENTRY--TOPICAL TERM | |
| Source of heading or term | LEMB |
| Topical term or geographic name as entry element | Defensa(Procedimiento Penal) |
| 942 ## - ADDED ENTRY ELEMENTS (KOHA) | |
| Koha item type | Libros |
| Source of classification or shelving scheme | Dewey Decimal Classification |
| Withdrawn status | Lost status | Source of classification or shelving scheme | Damaged status | Not for loan | Collection code | Home library | Current library | Date acquired | Total Checkouts | Full call number | Barcode | Date last seen | Copy number | Price effective from | Koha item type |
|---|---|---|---|---|---|---|---|---|---|---|---|---|---|---|---|
| Dewey Decimal Classification | Colección General | Biblioteca UPAN San Vicente | Biblioteca UPAN San Vicente | 06/05/2023 | 345 V335c | 12000719 | 06/05/2023 | 01 | 06/05/2023 | Libros |